| 000 | 00799nas a2200217 4500 | ||
|---|---|---|---|
| 001 | BR8700399 | ||
| 003 | BR-BrBNA | ||
| 005 | 20231205090545.0 | ||
| 007 | ta | ||
| 008 | 230509b bl.|||p| |||| 00| 00por d | ||
| 040 |
_aBR-BrBNA _bpor _cBiblioteca Nacional de Agricultura |
||
| 041 | _a(En) | ||
| 072 | _aL50 | ||
| 100 | 1 | _aSaint-Paul, U. | |
| 245 | 1 | _aInvestigations on the respiration of Neotropical fish, Colossoma macropomum (Serrasalmidae); The influence of weight and temperature on the routine oxigen consumption [peixe de agua doce, consumo de oxigenio, peso, temperatura] | |
| 650 | _aTAMBAQUI | ||
| 650 | _aRESPIRACAO | ||
| 773 | 0 |
_tAmazoniana (Brazil) _xISSN 0065-6755 _g(Jan 1983), v. 7(4) p. 433-443 _wBR8700399 |
|
| 909 |
_a202311 _bLúcia _c55 _dLúcia Elande |
||
| 942 |
_2AGRIS _n0 _cANA |
||
| 999 |
_c119305 _d119305 |
||